Pascal 8000 user's manual version 3.0 /

Saved in:
Bibliographic Details
Main Author: Crawford, Jagoda
Corporate Author: Australian Nuclear Science and Technology Organisation. Research Establishment
Other Authors: Pollard, J. P. (John Percival), Parker, P. T.
Format: Book
Language:English
Published: [Lucas Heights, N.S.W.] : ANSTO, 1987.
Series:ANSTO/M ; 115.
Subjects:
LEADER 01393nam a2200373 a 4500
001 c000187073
003 CARM
005 20000912203708.0
008 880825s1987 xnaa b f000 0 eng d
019 1 |a 5704587  |z 58121328  |5 LACONCORD2021 
020 |a 0642598509  |c price unknown 
020 |a 0642598509 
035 |a (OCoLC)27513898  |5 LACONCORD2021 
040 |a ANB  |b eng  |c ANB  |d NSL:R 
042 |a anuc 
082 0 4 |a 005.4/53  |2 19 
100 1 |a Crawford, Jagoda. 
245 1 0 |a Pascal 8000 user's manual version 3.0 /  |c by J. Crawford, P.T. Parker, J.P. Pollard. 
260 |a [Lucas Heights, N.S.W.] :  |b ANSTO,  |c 1987. 
300 |a iii, 55 p. :  |b ill. ;  |c 30 cm. 
490 1 |a ANSTO/M115. 
500 |a At head of title: Lucas Heights Research Laboratories. 
500 |a Includes index. 
500 |a Spiral binding. 
504 |a Bibliography: p. 38. 
630 0 0 |a Pascal 8000 (Computer program) 
650 0 |a Compilers (Computer programs) 
700 1 |a Pollard, J. P.  |q (John Percival) 
700 1 |a Parker, P. T. 
710 2 |a Australian Nuclear Science and Technology Organisation.  |b Research Establishment. 
830 0 |a ANSTO/M ;  |v 115. 
852 8 |b CARM  |h A2:AN27B0  |i D08451  |p 0250396  |f BK 
999 f f |i 7657dead-0a60-5833-bd3d-cbf43097733e  |s c0284b40-d11f-5627-bde3-7b97383400cb 
952 f f |p Can circulate  |a CAVAL  |b CAVAL  |c CAVAL  |d CARM 1 Store  |e D08451  |f A2:AN27B0  |h Other scheme  |i book  |m 0250396